Statistics for Countries Symbolized in a War Scene ⚔️

Click here to take the quiz!

General Stats

  • This quiz has been taken 63 times
  • The average score is 6 of 10

Answers on the Map

Answers color-coded by a green-red scale on the quiz's map according to % correct below.
Loading ...
RUS-420First aid kit
 

Answer Stats

Answer% Correct
Cambodia
93%
Seychelles
86%
Saint Vincent and the Grenadines
79%
Mozambique
64%
Lesotho
61%
Georgia
46%
Soviet Union
39%
Belize
38%
Angola
38%
Rwanda
27%

Score Distribution

Percentile by Number Answered

Percent of People with Each Score

Your Score History

You have not taken this quiz